00283nam a2200109Ia 4500008004100000082000800041082000800049245007100057245001800128260001800146300000900164231017s9999 xx 000 0 und d a624 bKEL 0aLow Volume Roads Engineering Best Management Practices Field Guide 0cGordon Keller bGordon Keller c30cm